• 首页
  • 本馆介绍
  • 公告通知
  • 最新文献
  • 馆藏检索
  • 电子资源
  • 读者导购
  • 参考咨询
  • 我的图书馆
  • 登录
  • 详细信息显示
  • 放入我的书架
  • 预约/预借图书
  • 作者相关作品
  • 分类相关作品
  • 丛书相关作品
  • 出版社相关作品

书目信息

  • 表格格式
  • 工作单格式
  • 卡片格式
题名:
毛主席关于三个世界划分的理论是对马克思列宁主义的重大贡献
    
 
作者: ;人民日报编辑部 编辑
分册:  
出版信息: 北京   人民出版社  1977
页数: 67页
开本: 20cm
丛书名:
单 册:
中图分类: A841.64
科图分类:
主题词: 三个世界理论-毛泽东思想研究 , 毛泽东思想研究-三个世界理论
电子资源:
ISBN:
000 00777nam0 2200229 45
001 0177003431
005 20060726080257.75
010    @dCNY0.17
100    @a19951013d1977 em y0chiy0121 ea
101 0  @achi
102    @aCN@b110000
105    @ay z 000yy
200 10 @a毛主席关于三个世界划分的理论是对马克思列宁主义的重大贡献@Amao zhu xi guan yu san ge shi jie hua fen de li lun shi dui ma ke si lie ning zhu yi de zhong da gong xian@f《人民日报》编辑部编辑
210    @a北京@c人民出版社@d1977
215    @a67页@d20cm
606    @a三个世界理论-毛泽东思想研究
606    @a毛泽东思想研究-三个世界理论
690    @aA841.64@v3
711 02 @a人民日报编辑部@Aren min ri bao bian ji bu@4编辑
801  2 @aCN@bNLC@c20060726
801  0 @aCN@bTSSF
905    @a10447@dA841.64@e65
    
    毛主席关于三个世界划分的理论是对马克思列宁主义的重大贡献/《人民日报》编辑部编辑.-北京:人民出版社,1977
    67页;20cm
    
    
    ISBN :CNY0.17
    
●
相关链接 在E读中查询图书 在五车中查询图书 在当当中查询图书 在豆瓣中查询图书


正题名:毛主席关于三个世界划分的理论是对马克思列宁主义的重大贡献     索取号:A841.64/65         预约/预借

序号 登录号 条形码 馆藏地/架位号 状态 备注
1 0426017   204260174   密集书库/ [索取号:A841.64/65] 在馆    
唐山师范学院图书馆 欢迎您!
大连网信软件有限公司© 版权所有